00502nam a2200181 i 4500001001100000003000500011005001700016008004100033040002500074082001300099245004500112264007000157300001000227336002100237337002500258338002300283650001400306C2-0219504PPAK20180728111831.0990901s1983 my |||| ||||| | may d aPPAKbengcPPAKerda04a3702 2300aPelajaran (Keratan Akhbar Koleksi Kedah) 1aAlor Setar, Kedah : bPerbadanan Perpustakaan Awam Kedah , c1983 c33 cm 2rdacontentatext 2rdamediaaunmediated 2rdacarrieravolume10aEducation